[Event "Olympiad Women-44"]
[Site "Chennai"]
[Date "2022.07.31"]
[Round "3.4"]
[White "Razafindrabe, Bakoly"]
[Black "Dos Santos, Elfiana"]
[Result "1/2-1/2"]
[WhiteElo "1238"]
[BlackElo "1560"]
[PlyCount "82"]
[EventDate "2022.07.29"]
[EventType "team-swiss"]
[EventRounds "11"]
[EventCountry "IND"]
[SourceTitle "CBM 210"]
[Source "ChessBase"]
[SourceDate "2022.10.31"]
[SourceVersion "1"]
[SourceVersionDate "2022.10.31"]
[SourceQuality "1"]
[WhiteTeam "Madagascar (W)"]
[BlackTeam "Timor Leste (W)"]
[WhiteTeamCountry "MAD"]

1. e4 e5 2. Nf3 Nc6 3. Bc4 h6 4. c3 Bc5 5. 0-0 Nf6 6. d4 exd4 7. cxd4 Be7 8. Nc3 0-0 9. Be3 d6 10. h3 Na5 11. Bb3 Nxb3 12. Qxb3 c6 13. a4 b6 14. Rac1 Bd7 15. e5 Nh7 16. d5 Ng5 17. Nxg5 Bxg5 18. Bxg5 Qxg5 19. e6 Bc8 20. Ne4 Qe7 21. exf7+ Rxf7 22. Rfe1 Qd7 23. dxc6 Qf5 24. f3 Qg6 25. Kh1 Kh7 26. Qd5 Bf5 27. Nxd6 Rf6 28. Nxf5 Rxf5 29. Qe6 Rf6 30. Qe4 Rf5 31. c7 Rc8 32. Rc6 Qf7 33. Qe7 Qd5 34. Rce6 Rxf3 35. gxf3 Qxf3+ 36. Kh2 Qf2+ 37. Kh1 Qf3+ 38. Kg1 Qg3+ 39. Kf1 Qf3+ 40. Kg1 Qg3+ 41. Kf1 Qf3+ 1/2-1/2

[Event "MAD olympic qual (Women)"]
[Site "Antananarivo"]
[Date "2022.05.21"]
[Round "1"]
[White "Rakotoniaina, Tiana Johanna"]
[Black "Razafindrabe, Bakoly"]
[Result "1-0"]
[WhiteElo "1509"]
[BlackElo "1203"]
[PlyCount "121"]
[EventDate "2022.05.21"]
[EventType "tourn"]
[EventRounds "6"]
[EventCountry "MAD"]
[SourceTitle "EXT 2023"]
[Source "ChessBase"]
[SourceDate "2022.10.05"]
[SourceVersion "1"]
[SourceVersionDate "2022.10.05"]
[SourceQuality "1"]

1. e4 e5 2. Nf3 Nc6 3. d4 exd4 4. Nxd4 Nxd4 5. Qxd4 d6 6. Bc4 c5 7. Qd5 Qc7 8. Nc3 Nf6 9. Qg5 h6 10. Qg3 Qe7 11. Bb5+ Bd7 12. Bxd7+ Qxd7 13. 0-0 g6 14. Rd1 Nh5 15. Qf3 Bg7 16. Be3 Qe6 17. Nb5 Qe7 18. Nxd6+ Kf8 19. Bxc5 Qe6 20. Nf5+ Ke8 21. Nd6+ Kf8 22. Nxf7+ Kg8 23. Nxh8 Kxh8 24. Bd4 Rf8 25. Bxg7+ Kxg7 26. Qc3+ Kh7 27. f3 Nf4 28. Rd2 h5 29. Rad1 h4 30. Rd7+ Rf7 31. Rxf7+ Qxf7 32. Qd3 g5 33. e5+ Qf5 34. Qe4 Qxe4 35. fxe4 g4 36. Kf2 Ne6 37. Rd7+ Kg8 38. Rxb7 Nc5 39. Rb4 a5 40. Rc4 Ne6 41. Rc8+ Kf7 42. Ra8 Nc5 43. Ke3 a4 44. b4 axb3 45. axb3 Ne6 46. c4 Nc5 47. b4 Ne6 48. c5 Ke7 49. Rg8 g3 50. hxg3 hxg3 51. Rxg3 Kd7 52. Kd3 Nf4+ 53. Kc4 Ne6 54. b5 Kc7 55. Rh3 Kb7 56. Rh7+ Kc8 57. b6 Nd8 58. Kd5 Kb8 59. c6 Ka8 60. Rh8 Kb8 61. Rxd8# 1-0

[Event "Antananarivo Elo May"]
[Site "Antananarivo"]
[Date "2022.05.08"]
[Round "6"]
[White "Razafindrabe, Bakoly"]
[Black "Andriamihaja, Valimbavaka Rantoti"]
[Result "1/2-1/2"]
[WhiteElo "1203"]
[BlackElo "1489"]
[PlyCount "118"]
[EventDate "2022.05.07"]
[EventType "swiss"]
[EventRounds "6"]
[EventCountry "MAD"]
[SourceTitle "EXT 2023"]
[Source "ChessBase"]
[SourceDate "2022.10.05"]
[SourceVersion "1"]
[SourceVersionDate "2022.10.05"]
[SourceQuality "1"]

1. e4 c5 2. Nf3 e6 3. Nc3 Nc6 4. d4 cxd4 5. Nxd4 Nf6 6. Bc4 Bb4 7. Nxc6 bxc6 8. Bd3 d5 9. Bd2 0-0 10. e5 Nd7 11. Qe2 Qc7 12. f4 Qb6 13. h4 c5 14. Qg4 c4 15. Be2 d4 16. Ne4 Bxd2+ 17. Kxd2 Qb4+ 18. Kc1 Rb8 19. Rb1 c3 20. b3 Qa3+ 21. Kd1 Qxa2 22. Rc1 Bb7 23. Nf6+ Nxf6 24. exf6 g6 25. h5 Be4 26. hxg6 Bxg6 27. Bd3 Rb6 28. Bxg6 fxg6 29. Qh4 Rf7 30. f5 exf5 31. Qxd4 Rbxf6 32. Qxc3 Qa3 33. Ke2 Qa6+ 34. Qd3 Re7+ 35. Kf2 Qb6+ 36. Kf3 Qc6+ 37. Kf2 Rd6 38. Qf3 Qxf3+ 39. gxf3 Rd2+ 40. Kg3 Rc7 41. Rh2 f4+ 42. Kh3 Rxh2+ 43. Kxh2 a5 44. Kh3 g5 45. Kg4 h6 46. c4 Kg7 47. Kh5 Rb7 48. Rc3 Rb6 49. c5 Rc6 50. Rc4 Kf7 51. b4 axb4 52. Rxb4 Rxc5 53. Kxh6 Ke6 54. Rb6+ Kd5 55. Kxg5 Rc4 56. Rb5+ Ke6 57. Rf5 Ke7 58. Rxf4 Rxf4 59. Kxf4 Kf6 1/2-1/2